Normal view
MARC view
- FICTION / Coming of Age
Entry Topical Term
001 - CONTROL NUMBER
- control field: 105441
003 - CONTROL NUMBER IDENTIFIER
- control field: NUST
005 - DATE AND TIME OF LATEST TRANSACTION
- control field: 20221221095039.0
008 - FIXED-LENGTH DATA ELEMENTS
- fixed length control field: 221221|| aca||aabn | a|a d
040 ## - CATALOGING SOURCE
- Original cataloging agency: NUST
- Transcribing agency: NUST
150 ## - HEADING--TOPICAL TERM
- Topical term or geographic name entry element: FICTION / Coming of Age
670 ## - SOURCE DATA FOUND
- Source citation: Work cat.: (NUST)0: Aziz Amna, Dur E, author. 105440, American fever :
